| 000 | 03856 a2200313 4500 | ||
|---|---|---|---|
| 999 |
_c10903 _d10903 |
||
| 020 | _a9780781773270 (pbk. : alk. paper) | ||
| 020 | _a078177327X (pbk. : alk. paper) | ||
| 050 | 0 | 0 |
_aRC454 _b.KAP 2007 |
| 100 | 1 |
_aSadock, Benjamin J., _d1933- |
|
| 245 | 1 | 0 |
_aKaplan & Sadock's synopsis of psychiatry : _bbehavioral sciences clinical psychiatry / _cBenjamin James Sadock, Virginia Alcott Sadock. |
| 250 | _aTenth edition | ||
| 264 |
_aPhiladelphia: _bWolter Kluwer/Lippincott Williams & Wilkins, _c2007 |
||
| 300 |
_axv, 1470 p. : _bill. (some col.) ; |
||
| 336 |
_1text _ardacontent _btxt |
||
| 337 |
_1unmediated _ardamedia _bn |
||
| 338 |
_1volume _ardacarrier _bnc |
||
| 504 | _aIncludes bibliographical references and index. | ||
| 505 | 0 | _aThe patient-doctor relationship -- Human development throughout the life cycle -- The brain and behavior -- Contributions of the psychosocial sciences -- Clinical neuropsychologiclal testing -- Theories of personality and psychopathology -- Clinical examination of the psychiatric patient -- Signs and symptoms in psychiatry -- Classification in psychiatry and psychiatric rating scales -- Delirium, dementia, and amnestic and other cognitive disorders -- Neuropsychiatric aspects of HIV infection and AIDS -- Substance-related disorders -- Schizophrenia -- Other psychotic disorders -- Mood disorders -- Anxiety disorders -- Somatoform disorders -- Chronic fatigue syndrome -- Factitious disorders -- Dissociative disorders -- Human sexuality -- Gender identity disorders -- Eating disorders -- Normal sleep and sleep disorders -- Impulse-control disorders not elsewhere classified -- Adjustment disorders -- Personality disorders -- Psychosomatic medicine -- Complementary and alternative medicine in psychiatry -- Psychiatry and reproductive medicine -- Ralational problems -- Problems related to abuse or neglect -- Additional conditions that may be a focus of clinical attention -- Emergency psychiatric medicine -- Psychotherapies -- Biological therapies -- Child psychiatry: assessment, examination, and psychological testing -- Mental retardation -- Learning disorders -- Motor skills disorder: developmental coordination disorder -- Communication disorders -- Pervasive developmental disorders -- Attention-deficit disorders -- Disruptive behavior disorders -- Feeding and eating disorders of infancy or early childhood -- Tic disorders -- Elimination disorders -- Other disorders of infancy, childhood, and adolescence -- Mood disorders and suicide in children and adolescents -- Anxiety disorders of infancy, childhood, and adolescence -- Early-onset schizophrenia -- Adolescent substance abuse -- Child psychiatry: additonal conditions that may be a focus of clinical attention -- Psychiatric treatment of children and adolescents -- Child psychiatry: special areas of interest -- Geriatric psychiatry -- End of life care and palliative medicine -- Clinical-legal issues in psychiatry -- Ethics in psychiatry. | |
| 520 | _aConcise overview of the entire field of psychiatry is a staple board review text for psychiatry residents and is popular with a broad range of students in medicine, clinical psychology, social work, nursing, and occupational therapy, as well as practitioners in all these areas. The book is DSM-IV-TR compatible and replete with case studies and tables, including ICD-10 diagnostic coding tables | ||
| 650 | 0 | _aMental illness. | |
| 650 | 0 | _aPsychiatry. | |
| 650 | 1 | 2 | _aMental Disorders. |
| 700 | 1 |
_aKaplan, Harold I., _d1927- |
|
| 700 | 1 | _aSadock, Virginia A. | |
| 856 | 4 | 1 |
_3Table of contents only _uhttp://www.loc.gov/catdir/toc/ecip0713/2007010597.html |
| 856 | 4 | 2 |
_3Publisher description _uhttp://www.loc.gov/catdir/enhancements/fy0743/2007010597-d.html |
| 942 |
_2lcc _cBK _h454 _iKAP _kRC |
||